The Reality of Aid 1997-1998 / (Record no. 616595)

MARC details
000 -LEADER
fixed length control field 00523nam a2200169Ia 4500
008 - FIXED-LENGTH DATA ELEMENTS--GENERAL INFORMATION
fixed length control field 260302s9999 xx 000 0 und d
020 ## - INTERNATIONAL STANDARD BOOK NUMBER
ISBN 9781849710497
082 ## - DEWEY DECIMAL CLASSIFICATION NUMBER
Classification number 338.91
Item number RAN.10
100 ## - MAIN ENTRY--AUTHOR NAME
Personal name Randel, Judith
245 #0 - TITLE STATEMENT
Title The Reality of Aid 1997-1998 /
Statement of responsibility, etc Randel, Judith; German, Tony
260 ## - PUBLICATION, DISTRIBUTION, ETC. (IMPRINT)
Year of publication 2009
520 ## - SUMMARY, ETC.
Summary, etc First Published in 2009. Routledge is an imprint of Taylor & Francis, an informa company.
650 ## - SUBJECT ADDED ENTRY--TOPICAL TERM
Topical Term Economic assistance
700 ## - ADDED ENTRY--PERSONAL NAME
Personal name German, Tony
942 ## - ADDED ENTRY ELEMENTS (KOHA)
Koha item type English Books

No items available.

Find us on the map